[Event "Arnprior op"]
[Site "Arnprior CAN"]
[Date "1999.05.02"]
[Round "5"]
[White "Pacey, Kevin"]
[Black "Hergott, Deen"]
[Result "1/2-1/2"]
[WhiteElo "2299"]
[BlackElo "2520"]
[PlyCount "38"]
[GameId "2160767911805130"]
[EventDate "1999.05.01"]
[EventType "swiss"]
[EventRounds "5"]
[EventCountry "CAN"]

1. e4 c5 2. Nf3 d6 3. d4 cxd4 4. Qxd4 Nc6 5. Bb5 Bd7 6. Bxc6 Bxc6 7. c4 Nf6 8. Nc3 e6 9. O-O Be7 10. b3 O-O 11. Bb2 Qa5 12. Rfe1 Rfe8 13. Qd2 Qh5 14. h3 Rad8 15. Nd4 Qg6 16. Qe3 Bd7 17. Rad1 a6 18. a4 Nh5 19. Ba3 Bc8 1/2-1/2

[Event "Atlantic Closed"]
[Site "Bathurst CAN"]
[Date "1999.06.04"]
[Round "1"]
[White "Assaff, David"]
[Black "Mayo, Alvah"]
[Result "0-1"]
[WhiteElo "1849"]
[BlackElo "2104"]
[PlyCount "146"]
[GameId "2160767911743355"]
[EventDate "1999.06.04"]
[EventType "swiss"]
[EventRounds "5"]
[EventCountry "CAN"]
[SourceTitle "EXT 2002"]
[Source "ChessBase"]
[SourceDate "2001.11.25"]
[SourceVersion "1"]
[SourceVersionDate "2001.11.25"]
[SourceQuality "1"]

1. e4 g6 2. d4 Bg7 3. f4 c5 4. Nf3 cxd4 5. Nxd4 Nc6 6. Nxc6 bxc6 7. Nc3 Rb8 8. Bc4 Qa5 9. Qd3 d5 10. exd5 Bf5 11. Qd2 Nf6 12. Bb3 O-O 13. O-O cxd5 14. Nxd5 Qxd2 15. Nxe7+ Kh8 16. Bxd2 Be4 17. Bc3 Rfe8 18. Bxf6 Bxf6 19. Nd5 Bxb2 20. Rad1 Red8 21. Rfe1 f5 22. Ne3 Bd4 23. Kf1 Kg7 24. Nc4 Kf6 25. Re2 Bc3 26. Rd6+ Ke7 27. Rxd8 Rxd8 28. Ne3 Kd6 29. Nd1 Ba5 30. Nf2 Bc6 31. Re6+ Kc7 32. Re7+ Rd7 33. Rxd7+ Bxd7 34. Bg8 h6 35. Ke2 g5 36. fxg5 hxg5 37. Kd3 Kd6 38. Nh3 g4 39. Nf4 Bc6 40. Be6 Ke5 41. g3 Be4+ 42. Ke2 Bxc2 43. Bf7 Be4 44. h4 Bc7 45. Be8 Kd6 46. Ke3 Bb6+ 47. Ke2 Bf3+ 48. Kf1 Bc7 49. Nh5 Ke7 50. Bg6 Be4 51. Ng7 Bd3+ 52. Kg2 Be4+ 53. Kf1 Bxg3 54. Bxf5 Bf3 55. Bc8 Kd8 56. Nf5 Bc7 57. Be6 g3 58. Ne3 Bb6 59. Ng2 Ke7 60. Bc4 Kd6 61. Be2 Bd5 62. a4 Bd8 63. h5 Bg5 64. Bb5 Kc5 65. Be8 Kb4 66. Bd7 Bb3 67. Ne1 Bd5 68. Ng2 Bf7 69. Ne1 Bxh5 70. Nd3+ Kc3 71. Nc5 Bf3 72. Ne6 Be3 73. Nc7 g2+ 0-1

[Event "Atlantic Closed"]
[Site "Bathurst CAN"]
[Date "1999.06.04"]
[Round "1"]
[White "Langen, Roger"]
[Black "McKim, Fred"]
[Result "1-0"]
[WhiteElo "2223"]
[BlackElo "2055"]
[PlyCount "67"]
[GameId "2160767911743357"]
[EventDate "1999.06.04"]
[EventType "swiss"]
[EventRounds "5"]
[EventCountry "CAN"]
[SourceTitle "EXT 2002"]
[Source "ChessBase"]
[SourceDate "2001.11.25"]
[SourceVersion "1"]
[SourceVersionDate "2001.11.25"]
[SourceQuality "1"]

1. e4 e5 2. Nf3 Nc6 3. d4 exd4 4. Bc4 Bc5 5. c3 Nge7 6. O-O O-O 7. cxd4 Bb6 8. d5 Nb8 9. Bg5 d6 10. Nd4 h6 11. Be3 Ng6 12. Nc3 Ne5 13. Be2 Qh4 14. f4 Ng4 15. Bxg4 Bxg4 16. Qd2 a6 17. Rae1 Nd7 18. h3 Bh5 19. f5 Ne5 20. f6 Nc4 21. Qf2 Qxf2+ 22. Bxf2 Nd2 23. fxg7 Rfe8 24. Nf5 Nxf1 25. Bxb6 cxb6 26. Kxf1 Rad8 27. e5 Rxe5 28. Rxe5 dxe5 29. Ne4 Kh7 30. g4 Kg6 31. g8=Q+ Rxg8 32. Ne7+ Kg7 33. Nxg8 Bg6 34. d6 1-0

[Event "Atlantic Closed"]
[Site "Bathurst CAN"]
[Date "1999.06.04"]
[Round "1"]
[White "MacDonald, Jonathan"]
[Black "Bernard, Gilbert"]
[Result "1-0"]
[WhiteElo "2121"]
[BlackElo "1873"]
[PlyCount "71"]
[GameId "2160767911743358"]
[EventDate "1999.06.04"]
[EventType "swiss"]
[EventRounds "5"]
[EventCountry "CAN"]
[SourceTitle "EXT 2002"]
[Source "ChessBase"]
[SourceDate "2001.11.25"]
[SourceVersion "1"]
[SourceVersionDate "2001.11.25"]
[SourceQuality "1"]

1. e4 d5 2. exd5 Nf6 3. c4 e6 4. Nf3 exd5 5. d4 Bb4+ 6. Nc3 O-O 7. Bg5 Bg4 8. Be2 dxc4 9. O-O Bxc3 10. bxc3 b5 11. a4 c6 12. h3 Be6 13. Ne5 h6 14. Bxf6 Qxf6 15. axb5 Bd5 16. bxc6 Bxc6 17. Bxc4 Nd7 18. Nxd7 Bxd7 19. Ra6 Qd8 20. Be2 Qc8 21. Ra3 a5 22. c4 a4 23. d5 Qc5 24. Qa1 Ra5 25. Rg3 f6 26. Rb1 Ra7 27. Qa3 Rc8 28. Qxc5 Rxc5 29. Ra3 Rac7 30. Rb4 Kf7 31. Bd3 Ke7 32. f4 g5 33. Kf2 Ra5 34. Ke3 h5 35. Rb6 g4 36. d6+ 1-0

[Event "Atlantic Closed"]
[Site "Bathurst CAN"]
[Date "1999.06.05"]
[Round "2"]
[White "Bernard, Gilbert"]
[Black "Assaff, David"]
[Result "0-1"]
[WhiteElo "1873"]
[BlackElo "1849"]
[PlyCount "78"]
[GameId "2160767911743359"]
[EventDate "1999.06.04"]
[EventType "swiss"]
[EventRounds "5"]
[EventCountry "CAN"]
[SourceTitle "EXT 2002"]
[Source "ChessBase"]
[SourceDate "2001.11.25"]
[SourceVersion "1"]
[SourceVersionDate "2001.11.25"]
[SourceQuality "1"]

1. Nf3 d5 2. d4 Nf6 3. Bg5 Bf5 4. e3 h6 5. Bxf6 exf6 6. Bd3 Bxd3 7. Qxd3 c6 8. Nbd2 Bd6 9. e4 O-O 10. O-O Nd7 11. exd5 cxd5 12. c3 a6 13. Rfe1 g6 14. Nf1 f5 15. Re2 Nf6 16. N3d2 Ne4 17. f3 Ng5 18. Nb3 Ne6 19. Qd2 Bf4 20. Qd1 Qg5 21. Nc1 Rfe8 22. Nd3 Bd6 23. Qe1 Re7 24. Qf2 Rae8 25. Rae1 Qf6 26. Ne3 Nc7 27. Nf1 Rxe2 28. Rxe2 Rxe2 29. Qxe2 Qe6 30. Kf2 Qxe2+ 31. Kxe2 Ne6 32. Ne3 Bxh2 33. Nxd5 Kg7 34. Nb6 Nf4+ 35. Nxf4 Bxf4 36. d5 Kf6 37. c4 Bc7 38. Nd7+ Ke7 39. Nc5 Bb6 0-1

[Event "Atlantic Closed"]
[Site "Bathurst CAN"]
[Date "1999.06.05"]
[Round "2"]
[White "Gulati, Justin"]
[Black "MacDonald, Jonathan"]
[Result "0-1"]
[WhiteElo "2131"]
[BlackElo "2121"]
[PlyCount "81"]
[GameId "2160767911743360"]
[EventDate "1999.06.04"]
[EventType "swiss"]
[EventRounds "5"]
[EventCountry "CAN"]
[SourceTitle "EXT 2002"]
[Source "ChessBase"]
[SourceDate "2001.11.25"]
[SourceVersion "1"]
[SourceVersionDate "2001.11.25"]
[SourceQuality "1"]

1. e4 c5 2. Nc3 Nc6 3. g3 g6 4. Bg2 Bg7 5. d3 d6 6. Be3 e6 7. Qd2 Rb8 8. f4 Nge7 9. Nf3 b5 10. d4 b4 11. Ne2 cxd4 12. Nexd4 O-O 13. O-O Qc7 14. Rfd1 Na5 15. b3 d5 16. e5 Bd7 17. Bf1 Rfc8 18. a3 Nac6 19. Nb5 Nxe5 20. Nxe5 Bxb5 21. Bxb5 Rxb5 22. axb4 Nc6 23. Nxc6 Qxc6 24. Rxa7 Bc3 25. Qd3 Rxb4 26. Ra2 Re4 27. Ra6 Qb7 28. Rb6 Qc7 29. Ra6 Bb4 30. Bd2 Qxc2 31. Bxb4 Qxd3 32. Rxd3 Rxb4 33. Kf2 Rc2+ 34. Kf3 Rxh2 35. Rc3 Rb2 36. Ra3 Kg7 37. Ke3 d4+ 38. Kd3 dxc3 39. Kxc3 R2xb3+ 40. Rxb3 Rxb3+ 41. Kxb3 0-1

[Event "Atlantic Closed"]
[Site "Bathurst CAN"]
[Date "1999.06.05"]
[Round "2"]
[White "Mayo, Alvah"]
[Black "Langen, Roger"]
[Result "0-1"]
[WhiteElo "2104"]
[BlackElo "2223"]
[PlyCount "96"]
[GameId "2160767911743361"]
[EventDate "1999.06.04"]
[EventType "swiss"]
[EventRounds "5"]
[EventCountry "CAN"]

1. e4 e5 2. Nf3 Nc6 3. Bb5 Nf6 4. O-O Bc5 5. d3 d6 6. c3 O-O 7. h3 Qe7 8. Re1 Bb6 9. Nbd2 Nd8 10. Nf1 h6 11. a4 c6 12. Bc4 Kh8 13. a5 Bc7 14. Ne3 a6 15. Bb3 g6 16. Nc4 Kg7 17. Be3 Ne6 18. Qd2 Rh8 19. Bc2 Nh5 20. d4 f6 21. b4 Ng5 22. Nxg5 hxg5 23. dxe5 dxe5 24. Bc5 Qe6 25. Bb3 Nf4 26. Re3 Qe8 27. Rd1 Be6 28. Qc2 Qg8 29. Nd2 Rd8 30. c4 Qf7 31. Rc3 Ne2+ 32. Kf1 Nxc3 33. Qxc3 g4 34. hxg4 Rh1+ 35. Ke2 Rxd1 36. Bxd1 Bxg4+ 37. f3 Be6 38. Be3 Qd7 39. Bc2 Qf7 40. Bd3 Rh8 41. Nb3 g5 42. Nc5 Bc8 43. Bc2 g4 44. Bb3 Rh2 45. fxg4 Bxg4+ 46. Kf2 Bh3 47. Nxb7 Qg6 48. Ke1 Qxg2 0-1

[Event "Atlantic Closed"]
[Site "Bathurst CAN"]
[Date "1999.06.05"]
[Round "2"]
[White "McKim, Fred"]
[Black "Bogavac, Milic"]
[Result "1-0"]
[WhiteElo "2055"]
[BlackElo "1885"]
[PlyCount "149"]
[GameId "2160767911743362"]
[EventDate "1999.06.04"]
[EventType "swiss"]
[EventRounds "5"]
[EventCountry "CAN"]

1. d4 Nf6 2. Bg5 d5 3. Nc3 h6 4. Bxf6 exf6 5. e3 c6 6. Bd3 Bb4 7. Qf3 h5 8. h3 Be6 9. Nge2 g5 10. Ng3 g4 11. hxg4 Bxg4 12. Qxg4 hxg4 13. Rxh8+ Bf8 14. Bf5 Nd7 15. Bxg4 Qc7 16. Rh7 Bb4 17. Nh5 Ke7 18. O-O-O Rg8 19. Ng7 Nf8 20. Nf5+ Kd8 21. Rh4 Ng6 22. Rh5 Ne7 23. Nh6 Rg7 24. Nxf7+ Rxf7 25. Rh8+ Ng8 26. Rxg8+ Ke7 27. Rh1 Bxc3 28. bxc3 Qa5 29. Kd2 Kd6 30. Rh6 Kc7 31. Be6 Re7 32. Rxf6 Qxa2 33. e4 b6 34. Rc8+ Kb7 35. Rxc6 Rxe6 36. Rcxe6 dxe4 37. Re7+ Ka6 38. Rxe4 Qd5 39. Rg4 Kb5 40. Rfg6 Qf7 41. f4 a5 42. g3 a4 43. R4g5+ Ka6 44. Rg8 Qb7 45. c4 a3 46. Re5 a2 47. Re1 Qg2+ 48. Kc3 Qf3+ 49. Kb2 Qf2 50. Rge8 Qxd4+ 51. Kxa2 Qxc4+ 52. Kb2 Qb4+ 53. Kc1 Qa3+ 54. Kd2 Qxg3 55. R1e4 Qf2+ 56. Kd3 Qf3+ 57. Kd4 Qf2+ 58. Ke5 Qxc2 59. f5 Qc5+ 60. Kf6 Qc3+ 61. Kf7 Qc7+ 62. R8e7 Qc6 63. f6 Ka5 64. R7e5+ b5 65. Kg7 Qc2 66. f7 Qg2+ 67. Kf8 Qg6 68. Re6 Qg5 69. R4e5 Qg2 70. Ke8 Qa8+ 71. Ke7 Qb7+ 72. Kf6 Qf3+ 73. Rf5 Qc3+ 74. Ree5 Qc8 75. Kg7 1-0

[Event "Atlantic Closed"]
[Site "Bathurst CAN"]
[Date "1999.06.05"]
[Round "3"]
[White "Assaff, David"]
[Black "Gulati, Justin"]
[Result "0-1"]
[WhiteElo "1849"]
[BlackElo "2131"]
[PlyCount "64"]
[GameId "2160767911743363"]
[EventDate "1999.06.04"]
[EventType "swiss"]
[EventRounds "5"]
[EventCountry "CAN"]
[SourceTitle "EXT 2002"]
[Source "ChessBase"]
[SourceDate "2001.11.25"]
[SourceVersion "1"]
[SourceVersionDate "2001.11.25"]
[SourceQuality "1"]

1. e4 c5 2. Nf3 d6 3. d4 cxd4 4. Nxd4 Nf6 5. Nc3 a6 6. Bc4 e6 7. a4 Nxe4 8. Nxe4 d5 9. Bd3 dxe4 10. Bxe4 Bc5 11. Be3 Qe7 12. Qf3 O-O 13. O-O f5 14. Bd3 Nd7 15. Bc4 Ne5 16. Qe2 b6 17. Rad1 Nxc4 18. Qxc4 Kh8 19. Rfe1 e5 20. Nb3 Bxe3 21. Rxe3 f4 22. Red3 Bf5 23. Rd6 Rf6 24. Qd5 Raf8 25. Qc6 Bxc2 26. Rxf6 Bxd1 27. Rxf8+ Qxf8 28. Qxb6 h6 29. Nc5 f3 30. Ne6 Qc8 31. Qc5 Qxe6 32. a5 Qg4 0-1

[Event "Atlantic Closed"]
[Site "Bathurst CAN"]
[Date "1999.06.05"]
[Round "3"]
[White "Bogavac, Milic"]
[Black "Bernard, Gilbert"]
[Result "1/2-1/2"]
[WhiteElo "1885"]
[BlackElo "1873"]
[PlyCount "77"]
[GameId "2160767911743364"]
[EventDate "1999.06.04"]
[EventType "swiss"]
[EventRounds "5"]
[EventCountry "CAN"]

1. e4 d5 2. e5 c5 3. f4 e6 4. Nf3 Bd7 5. d4 cxd4 6. Nxd4 a6 7. c3 Nc6 8. Be3 Nge7 9. Bd3 Nf5 10. Nxf5 exf5 11. Nd2 Be6 12. Nb3 Be7 13. O-O O-O 14. Nd4 Nxd4 15. Bxd4 Rc8 16. g4 Qd7 17. Qc2 g6 18. g5 Kg7 19. h4 Bc5 20. Qf2 Be7 21. h5 Qc6 22. Qh2 Bc5 23. Rf3 Rh8 24. Rh3 Bxd4+ 25. cxd4 Qb6 26. Qf2 h6 27. hxg6 fxg6 28. gxh6+ Rxh6 29. Rxh6 Kxh6 30. Kg2 Qd8 31. Rh1+ Kg7 32. Rh3 Qe7 33. Qh4 Qxh4 34. Rxh4 Rc1 35. Rh1 Rxh1 36. Kxh1 Kh6 37. Kg2 g5 38. Kg3 g4 39. b4 1/2-1/2

[Event "Atlantic Closed"]
[Site "Bathurst CAN"]
[Date "1999.06.05"]
[Round "3"]
[White "Langen, Roger"]
[Black "MacDonald, Jonathan"]
[Result "1-0"]
[WhiteElo "2223"]
[BlackElo "2121"]
[PlyCount "67"]
[GameId "2160767911743365"]
[EventDate "1999.06.04"]
[EventType "swiss"]
[EventRounds "5"]
[EventCountry "CAN"]
[SourceTitle "EXT 2002"]
[Source "ChessBase"]
[SourceDate "2001.11.25"]
[SourceVersion "1"]
[SourceVersionDate "2001.11.25"]
[SourceQuality "1"]

1. e4 c5 2. Nf3 a6 3. d4 cxd4 4. Nxd4 Nf6 5. Nc3 e5 6. Nde2 Bc5 7. Ng3 b5 8. Be2 O-O 9. O-O Bb7 10. Bg5 h6 11. Bxf6 Qxf6 12. Nd5 Qd8 13. c3 Nc6 14. b4 Ba7 15. a4 bxa4 16. Rxa4 Ne7 17. Nxe7+ Qxe7 18. Nf5 Qd8 19. Nd6 Qc7 20. Qd3 Qc6 21. Rfa1 f5 22. Qc4+ Kh7 23. Qxc6 Bxc6 24. Rxa6 Rf6 25. Nc4 Bb5 26. Rxa7 Rxa7 27. Rxa7 fxe4 28. Ra5 Bxc4 29. Bxc4 Rc6 30. Rc5 Rd6 31. Bd5 g6 32. c4 Ra6 33. Ra5 Rd6 34. b5 1-0

[Event "Atlantic Closed"]
[Site "Bathurst CAN"]
[Date "1999.06.05"]
[Round "3"]
[White "McKim, Fred"]
[Black "Mayo, Alvah"]
[Result "0-1"]
[WhiteElo "2055"]
[BlackElo "2104"]
[PlyCount "92"]
[GameId "2160767911743366"]
[EventDate "1999.06.04"]
[EventType "swiss"]
[EventRounds "5"]
[EventCountry "CAN"]
[SourceTitle "EXT 2002"]
[Source "ChessBase"]
[SourceDate "2001.11.25"]
[SourceVersion "1"]
[SourceVersionDate "2001.11.25"]
[SourceQuality "1"]

1. d4 Nf6 2. Bg5 g6 3. Nd2 Bg7 4. e4 d6 5. Ngf3 O-O 6. Bd3 Nbd7 7. O-O h6 8. Bh4 g5 9. Bg3 Nh5 10. c3 Nxg3 11. hxg3 e5 12. Nb3 a5 13. a4 Qe8 14. dxe5 Nxe5 15. Nxe5 Bxe5 16. f4 Bg7 17. f5 Be5 18. Qh5 Kh7 19. g4 Bd7 20. Kf2 f6 21. Qh3 Kg7 22. Nd4 Bxd4+ 23. cxd4 Bxa4 24. Rh1 Rh8 25. e5 dxe5 26. Rhe1 Bc6 27. dxe5 fxe5 28. Qg3 Kf6 29. Bc4 Qe7 30. Be6 Qc5+ 31. Re3 Rad8 32. Rae1 Rd2+ 33. Kf1 Qb5+ 34. R1e2 Rxe2 35. Rxe2 Rd8 36. Qc3 Rd1+ 37. Kf2 Qb6+ 38. Kg3 Qd4 39. Qxd4 Rxd4 40. Rc2 Rd3+ 41. Kf2 Rd4 42. Kg3 e4 43. Kf2 e3+ 44. Kxe3 Rxg4 45. Rc5 Rxg2 46. Rxa5 Rxb2 0-1

[Event "Atlantic Closed"]
[Site "Bathurst CAN"]
[Date "1999.06.06"]
[Round "4"]
[White "Bernard, Gilbert"]
[Black "McKim, Fred"]
[Result "0-1"]
[WhiteElo "1873"]
[BlackElo "2055"]
[PlyCount "120"]
[GameId "2160767911743367"]
[EventDate "1999.06.04"]
[EventType "swiss"]
[EventRounds "5"]
[EventCountry "CAN"]

1. e4 e5 2. Nf3 Nc6 3. d4 exd4 4. Nxd4 Bc5 5. Nxc6 Qf6 6. Qd2 Qxc6 7. Bd3 Ne7 8. c4 O-O 9. O-O a6 10. Nc3 Ng6 11. b3 Ne5 12. Bc2 b5 13. cxb5 axb5 14. Bb2 Bb7 15. Nd5 Rae8 16. h3 Qg6 17. Qc3 Bd4 18. Qxc7 Bxb2 19. Rab1 Bxd5 20. Rxb2 Bxe4 21. Bxe4 Qxe4 22. Qb6 Qf5 23. Kh1 Nd3 24. Rbb1 Re6 25. Qd4 Nf4 26. Qc3 Rfe8 27. Qf3 Qe4 28. Qxe4 Rxe4 29. Rfd1 d5 30. g3 Nxh3 31. Kg2 Ng5 32. Rxd5 R4e5 33. Rbd1 f6 34. a4 Rxd5 35. Rxd5 bxa4 36. bxa4 Re2 37. Kf1 Ra2 38. Rd4 Nf3 39. Rb4 Ne5 40. f4 Nd3 41. Rb8+ Kf7 42. Ra8 Kg6 43. a5 Kf5 44. Ra7 h5 45. Rxg7 Rxa5 46. Ke2 Nc5 47. Rh7 Ra2+ 48. Kf3 Ra3+ 49. Kg2 Kg6 50. Rh8 Ne4 51. Kh2 Ra2+ 52. Kg1 Nf2 53. Rb8 Kf5 54. Rg8 Ke4 55. Rb8 Kf3 56. Rb3+ Kg4 57. Kf1 Ne4 58. Kg1 Nxg3 59. Rb8 Ne2+ 60. Kh1 Nxf4 0-1

[Event "Atlantic Closed"]
[Site "Bathurst CAN"]
[Date "1999.06.06"]
[Round "4"]
[White "Gulati, Justin"]
[Black "Langen, Roger"]
[Result "1/2-1/2"]
[WhiteElo "2131"]
[BlackElo "2223"]
[PlyCount "82"]
[GameId "2160767911743369"]
[EventDate "1999.06.04"]
[EventType "swiss"]
[EventRounds "5"]
[EventCountry "CAN"]
[SourceTitle "EXT 2002"]
[Source "ChessBase"]
[SourceDate "2001.11.25"]
[SourceVersion "1"]
[SourceVersionDate "2001.11.25"]
[SourceQuality "1"]

1. e4 Nf6 2. e5 Nd5 3. d4 d6 4. exd6 cxd6 5. c4 Nf6 6. Nf3 g6 7. Nc3 Bg7 8. g3 O-O 9. Bg2 Nc6 10. O-O Bg4 11. h3 Bd7 12. Re1 Re8 13. Be3 Na5 14. b3 a6 15. Nd2 Rb8 16. b4 Nc6 17. Qb3 e5 18. d5 Nd4 19. Bxd4 exd4 20. Nce4 Bf5 21. Rad1 Qc7 22. g4 Bxe4 23. Nxe4 Nxe4 24. Bxe4 Re7 25. Bd3 Rbe8 26. Qb1 Re5 27. f3 Qe7 28. Re4 Bh6 29. Kg2 Be3 30. Qc2 Qc7 31. Qb3 Kg7 32. Re1 Rxe4 33. fxe4 Qe7 34. Qb2 Kg8 35. Qe2 Qg5 36. Rf1 b6 37. Qf3 Re7 38. Qf6 Rd7 39. Qf3 Kg7 40. Qg3 Bc1 41. Qf2 Be3 1/2-1/2

[Event "Atlantic Closed"]
[Site "Bathurst CAN"]
[Date "1999.06.06"]
[Round "4"]
[White "MacDonald, Jonathan"]
[Black "Mayo, Alvah"]
[Result "1-0"]
[WhiteElo "2121"]
[BlackElo "2104"]
[PlyCount "111"]
[GameId "2160767911743370"]
[EventDate "1999.06.04"]
[EventType "swiss"]
[EventRounds "5"]
[EventCountry "CAN"]

1. d4 g6 2. c4 Bg7 3. Nc3 c5 4. Nf3 cxd4 5. Nxd4 Nc6 6. e3 Nf6 7. Be2 O-O 8. O-O d6 9. Nc2 a6 10. e4 Bd7 11. Be3 Rb8 12. Qd2 b5 13. cxb5 axb5 14. f3 b4 15. Nd5 b3 16. Nd4 bxa2 17. Nxc6 Bxc6 18. Nb4 Bb5 19. Bxb5 Rxb5 20. Rxa2 Qd7 21. Ra7 Rb7 22. Rfa1 Rfb8 23. Ra8 Qb5 24. Nd3 Nd7 25. R1a5 Rxa8 26. Rxa8+ Rb8 27. Rxb8+ Qxb8 28. b4 Qb5 29. Qc2 Qb7 30. Qa4 Bc3 31. b5 Nb8 32. Qa3 Bf6 33. Qa5 e6 34. Qb6 Qxb6 35. Bxb6 Nd7 36. Bc7 Bd4+ 37. Kf1 d5 38. exd5 exd5 39. Nb4 Bb6 40. Nxd5 Bxc7 41. Nxc7 Kf8 42. Nd5 f6 43. Ke2 Kf7 44. Kd3 Ke6 45. Kd4 Kd6 46. Nc3 f5 47. Nb1 Nc5 48. Nd2 Ne6+ 49. Kc4 Nf4 50. g3 Nd5 51. Kd4 Ne7 52. Nc4+ Kc7 53. Ke5 Kd7 54. Nb6+ Ke8 55. Nd5 Nc8 56. b6 1-0

[Event "Atlantic Closed"]
[Site "Bathurst CAN"]
[Date "1999.06.06"]
[Round "5"]
[White "Bernard, Gilbert"]
[Black "Gulati, Justin"]
[Result "0-1"]
[WhiteElo "1873"]
[BlackElo "2131"]
[PlyCount "22"]
[GameId "2160767911743371"]
[EventDate "1999.06.04"]
[EventType "swiss"]
[EventRounds "5"]
[EventCountry "CAN"]

1. Nf3 c5 2. c4 Nf6 3. Nc3 Nc6 4. e4 d6 5. d3 e6 6. b3 d5 7. exd5 exd5 8. d4 dxc4 9. Bxc4 cxd4 10. Nxd4 Qxd4 11. Qxd4 Nxd4 0-1

[Event "Atlantic Closed"]
[Site "Bathurst CAN"]
[Date "1999.06.06"]
[Round "5"]
[White "Langen, Roger"]
[Black "Assaff, David"]
[Result "1-0"]
[WhiteElo "2223"]
[BlackElo "1849"]
[PlyCount "29"]
[GameId "2160767911743372"]
[EventDate "1999.06.04"]
[EventType "swiss"]
[EventRounds "5"]
[EventCountry "CAN"]
[SourceTitle "EXT 2002"]
[Source "ChessBase"]
[SourceDate "2001.11.25"]
[SourceVersion "1"]
[SourceVersionDate "2001.11.25"]
[SourceQuality "1"]

1. e4 c6 2. Nc3 d5 3. f4 d4 4. Nce2 c5 5. Nf3 Nc6 6. Ng3 Nf6 7. Bc4 e6 8. O-O Be7 9. d3 Bd7 10. Qe2 Qc7 11. Bd2 O-O-O 12. c3 e5 13. fxe5 Nxe5 14. Nxe5 Qxe5 15. Bf4 1-0

[Event "Atlantic Closed"]
[Site "Bathurst CAN"]
[Date "1999.06.06"]
[Round "5"]
[White "McKim, Fred"]
[Black "MacDonald, Jonathan"]
[Result "1-0"]
[WhiteElo "2055"]
[BlackElo "2121"]
[PlyCount "83"]
[GameId "2160767911743374"]
[EventDate "1999.06.04"]
[EventType "swiss"]
[EventRounds "5"]
[EventCountry "CAN"]
[SourceTitle "EXT 2002"]
[Source "ChessBase"]
[SourceDate "2001.11.25"]
[SourceVersion "1"]
[SourceVersionDate "2001.11.25"]
[SourceQuality "1"]

1. d4 Nf6 2. Bg5 Ne4 3. Bh4 c5 4. f3 Qa5+ 5. c3 Nf6 6. dxc5 Qxc5 7. Bf2 Qc7 8. e4 e6 9. Nd2 d5 10. Bb5+ Nbd7 11. Ne2 Bd6 12. Nd4 a6 13. Ba4 O-O 14. Qe2 Nc5 15. Bc2 e5 16. N4b3 dxe4 17. O-O-O b5 18. Nxc5 Bxc5 19. Bxc5 Qxc5 20. Nxe4 Qe7 21. Rhe1 Nd7 22. Nd6 g6 23. f4 f6 24. Qe4 Ra7 25. Qd5+ Kg7 26. Qc6 Nb8 27. Qd5 Be6 28. Qe4 Nd7 29. f5 gxf5 30. Nxf5+ Bxf5 31. Qxf5 Kh8 32. Re3 Rg8 33. Red3 Nc5 34. Rd6 Rc7 35. Rxf6 Rxg2 36. h4 e4 37. Rf8+ Rg8 38. Rxg8+ Kxg8 39. Rg1+ Kh8 40. Qd5 Ne6 41. Bb3 Rc4 42. Qe5+ 1-0

[Event "August Summer op"]
[Site "Toronto CAN"]
[Date "1999.08.20"]
[Round "1"]
[White "Manalo, Pepin"]
[Black "Cohen, David"]
[Result "1/2-1/2"]
[WhiteElo "1932"]
[BlackElo "2027"]
[PlyCount "146"]
[GameId "2160767911742419"]
[EventDate "1999.08.20"]
[EventType "swiss"]
[EventRounds "5"]
[EventCountry "CAN"]

1. e4 e5 2. Nf3 Nc6 3. d4 exd4 4. Nxd4 Nf6 5. Nc3 d6 6. Bb5 Bd7 7. Be3 Ne5 8. Be2 c6 9. Qd2 Be7 10. f3 Qc7 11. O-O-O O-O-O 12. g4 Be6 13. Nxe6 fxe6 14. g5 Nfd7 15. f4 Ng6 16. Bg4 e5 17. f5 Nf4 18. Bxf4 exf4 19. Qxf4 Kb8 20. h4 Rhf8 21. Rh3 Ne5 22. Be2 d5 23. Kb1 d4 24. Na4 b5 25. Rb3 Ka8 26. Bxb5 cxb5 27. Rxb5 Rc8 28. c3 dxc3 29. Nxc3 Nc4 30. e5 Na3+ 31. bxa3 Qxc3 32. Qe4+ Qc6 33. Qxc6+ Rxc6 34. f6 gxf6 35. exf6 Bxa3 36. Rb3 Rb6 37. Rxb6 axb6 38. Kc2 Rf7 39. Rd8+ Kb7 40. Rg8 Bf8 41. Kd3 Kc6 42. Ke4 Bb4 43. Rg7 Rf8 44. Rxh7 Ra8 45. g6 Bc3 46. Kf5 Ra5+ 47. Ke6 Re5+ 48. Kf7 Rf5 49. g7 Rxf6+ 50. Kg8 Rg6 51. h5 Rg2 52. Rh6+ Kb5 53. Rg6 Rxa2 54. h6 Kc5 55. Kh7 Ra7 56. Rg5+ Kc4 57. Kg6 Ra8 58. Rf5 b5 59. h7 Bxg7 60. Kxg7 b4 61. Rf8 Ra7+ 62. Kg8 Rxh7 63. Kxh7 Kc3 64. Rf3+ Kc2 65. Rf2+ Kc3 66. Rf8 b3 67. Rc8+ Kd2 68. Rb8 Kc2 69. Kg6 b2 70. Rc8+ Kd2 71. Rd8+ Kc2 72. Rc8+ Kd2 73. Rb8 Kc2 1/2-1/2

[Event "August Summer op"]
[Site "Toronto CAN"]
[Date "1999.08.21"]
[Round "2"]
[White "Cohen, David"]
[Black "Mesiti, Silvano"]
[Result "1-0"]
[WhiteElo "2027"]
[BlackElo "1720"]
[PlyCount "103"]
[GameId "2160767911742420"]
[EventDate "1999.08.20"]
[EventType "swiss"]
[EventRounds "5"]
[EventCountry "CAN"]

1. e4 e5 2. Nf3 d6 3. Bc4 Be7 4. c3 Nf6 5. d3 O-O 6. b4 c6 7. O-O Bg4 8. Nbd2 Qc8 9. Bb2 Be6 10. Re1 Ne8 11. d4 Bxc4 12. Nxc4 f6 13. Qb3 Kh8 14. Ne3 g6 15. Rad1 Ng7 16. dxe5 dxe5 17. Rd2 Rd8 18. Red1 Rxd2 19. Rxd2 Na6 20. Qd1 Qe8 21. a3 Ne6 22. c4 Nac7 23. h3 Kg8 24. Qb3 Kh8 25. Ng4 Nf4 26. Ngxe5 Nfe6 27. Ng4 Rd8 28. Nxf6 Bxf6 29. Bxf6+ Kg8 30. Rxd8 Nxd8 31. Bxd8 Qxd8 32. c5+ Kf8 33. Ne5 Qe7 34. Qf3+ Kg7 35. Ng4 Nb5 36. a4 Nc7 37. Qc3+ Kf7 38. Nh6+ Ke8 39. Qh8+ Kd7 40. Qd4+ Ke8 41. Ng4 Ne6 42. Qe5 Kf7 43. Qh8 Nf8 44. Qe5 Ne6 45. Ne3 Qd8 46. Nc4 Qd1+ 47. Kh2 Qxa4 48. Nd6+ Ke7 49. Qh8 Qxb4 50. Qxh7+ Kf6 51. Qh4+ Ke5 52. Qh8+ 1-0

[Event "August Summer op"]
[Site "Toronto CAN"]
[Date "1999.08.21"]
[Round "3"]
[White "Rapoport, Alexander"]
[Black "Cohen, David"]
[Result "1-0"]
[WhiteElo "2099"]
[BlackElo "2027"]
[PlyCount "105"]
[GameId "2160767911742421"]
[EventDate "1999.08.20"]
[EventType "swiss"]
[EventRounds "5"]
[EventCountry "CAN"]

1. a3 e5 2. c4 Nf6 3. Nc3 d5 4. cxd5 Nxd5 5. Nf3 Nc6 6. e3 Be6 7. Qc2 Be7 8. b4 a6 9. Bb2 O-O 10. Be2 Qd7 11. O-O f5 12. d3 Bf6 13. Nxd5 Bxd5 14. Rfd1 Qe6 15. d4 Bb3 16. Qc5 b6 17. Qc1 b5 18. Re1 e4 19. Nd2 Bd5 20. f4 Qd7 21. Bd1 Ne7 22. Nb3 Bxb3 23. Bxb3+ Kh8 24. Qd2 c6 25. Rac1 Rac8 26. Kh1 Nd5 27. h3 Bh4 28. Rg1 Bg3 29. Rc5 g5 30. fxg5 f4 31. Bxd5 fxe3 32. Qxe3 Bf2 33. Qxe4 cxd5 34. Qe5+ Qg7 35. Qxg7+ Kxg7 36. Rgc1 Rxc5 37. dxc5+ d4 38. Rd1 Kg6 39. g4 Kxg5 40. Kg2 Be3 41. Bxd4 Rf2+ 42. Kg3 Bxd4 43. Rxd4 Rc2 44. h4+ Kf6 45. Kf4 Rc3 46. Rd6+ Ke7 47. Rxa6 Rc4+ 48. Kf5 h5 49. gxh5 Rxh4 50. h6 Kd7 51. h7 Kc7 52. Ra8 Rh5+ 53. Kg6 1-0